03576cam a22003855a 4500999001700000001000900017003000900026005001700035008004100052020003000093040006700123082001900190245012900209264005300338300004500391336002600436337002800462338002700490490002900517504005100546505150200597520055702099650003602656650003102692650002002723651001002743653003302753653002702786655001702813700003402830700003502864942001202899952013902911952014003050 c19816d1978818171493EG-ScBUE20200209115214.0140509s2014 enkko f b 001 0 eng d a9781408177082 (paperback) aAU@bengerdacAU@dOCLCOdDGUdOCLCOdDLCdEG-ScBUEdEG-ScBUE04a808.2bNEW22200aNew dramaturgy :binternational perspectives on theory and practice /cedited by Katalin Trencsenyi and Bernadette Cochrane. 1aLondon, UK ;aNew York, NY :bBloomsbury,c2014. axx, 275 pages :bforms, photos ;c22 cm. 2rdacontentatextbtxt 2rdamediaaunmediatedbn 2rdacarrieravolumebnc0 aBloomsbury methuen drama aIncludes bibliographical references and index.0 aTowards a New Theory -- Dramaturgy in Postdramatic' Times / Joseph Danan -- Dramaturgy as Ecology : A Report from The Dramaturgies Project / Peter Eckersall, Paul Monaghan and Melanie Beddie -- Respect and Perspective : Art, Structure and Ownership / Alan Lawrence -- Text -- Telling Stories Across Forms : Interview with Brian Quirt (artistic director, Nightswimming, Toronto) / Yolanda Ferrato -- Towards Performed Dramaturgy / Duska Radosavljevic -- Disruption as Revealing the Essence of Truth / Gad Kaynar in conversation with Ruth Kanner -- Devising -- The Feeling of Devising : Emotion and Mind in the Devising Process / Jackie Smart -- 'A Way of Listening' : Interview with John Collins (artistic director, Elevator Repair Service, New York) / Ana Pais -- The Appliance of Science : Devising, Dramaturgy and the Alternative Science Play / Alex Mermikides -- Dance -- Time and a Mirror : Towards a Hybrid Dramaturgy for Intercultural-Indigenous Performance / Rachael Swain -- Going 'Au-del�a' : A Journey into the Unknown. Reflections of a Choreographer and a Dramaturg / Lou Cope and Koen Augustijnen with contributions from Annie Pui Ling Lok -- Re-Membering Zero Degrees / Guy Cools -- Spectatorship -- Porous Dramaturgy and the Pedestrian / Cathy Turner -- Dialectical Theatre and Devising : Dramaturgy as a Dialogue between the Author and the Audience / Pedro Ilgenfritz -- Acts of Spectating : The Dramaturgy of the Audience's Experience in Contemporary Theatre / Peter M. Boenisch. aRecent shifts in the theatrical landscape have had corresponding implications for dramaturgy. The way we think about theatre and performance today has changed our approaches to theatre making and composition. Emerging new aesthetics and new areas of dramaturgical work such as live art, devised and physical theatre, experimental performance, and dance demand new approaches and sensibilities. This is the first book to explore new dramaturgy in depth, and considers how our thinking about dramaturgy and the role of the dramaturg has been transformed. 7aDramaxTechnique.2BUEsh939765 7aPlaywriting.2BUEsh933116 7aTheater.2BUEsh 2BUEsh bCOMAMEcJune2015cAugust2015 bHHUUEENNcFebruary2017 vReading book1 aTrencsenyi, Katalin,eeditor.1 aCochrane, Bernadette,eeditor. 2ddccBB 00102ddc40708AlahramaMAINbMAINc2NDd2015-06-22epurchaseg239.00h314l0o808.2 NEWp000038705r2025-07-15 00:00:00v298.75yBB 00102ddc40708BaccahaMAINbMAINc2NDd2017-02-11ePurchaseg378.00h27334l0o808.2 NEWp000045408r2025-07-15 00:00:00v472.50yBB